[Event "San Pedro del Pinatar op 6th"]
[Site "San Pedro del Pinatar"]
[Date "2015.01.31"]
[Round "4"]
[White "Motos Abellan, Daniel"]
[Black "Perez Beltran, Jose Maria"]
[Result "1/2-1/2"]
[WhiteElo "1790"]
[BlackElo "1896"]
[PlyCount "63"]
[EventDate "2015.01.30"]
[EventType "swiss"]
[EventRounds "7"]
[EventCountry "ESP"]
[SourceTitle "CBM 164 Extra"]
[Source "ChessBase"]
[SourceDate "2015.03.02"]
[SourceVersion "1"]
[SourceVersionDate "2015.03.02"]
[SourceQuality "1"]

1. d4 Nf6 2. c4 e6 3. Nc3 Bb4 4. e3 Bxc3+ 5. bxc3 Qe7 6. Be2 d6 7. Ba3 Nbd7 8. Rb1 Ne4 9. Qc2 f5 10. Bf3 Ndf6 11. c5 dxc5 12. Bxc5 Nxc5 13. dxc5 c6 14. Ne2 Qxc5 15. Nd4 0-0 16. 0-0 e5 17. Nb3 Qe7 18. Na5 Qc7 19. Qa4 e4 20. Be2 b5 21. Qb3+ Kh8 22. Qb4 Be6 23. c4 a6 24. Rfc1 c5 25. cxb5 axb5 26. Nb3 Qxh2+ 27. Kxh2 cxb4 28. Nd4 Bd7 29. Rc2 Nd5 30. Nxb5 Bxb5 31. Bxb5 Rfb8 32. Rc5 1/2-1/2

[Event "ESP-chT CECLUB Div2"]
[Site "Linares"]
[Date "2014.08.21"]
[Round "5.2"]
[White "Garcia Rodriguez, Victor"]
[Black "Perez Beltran, Jose Maria"]
[Result "1-0"]
[WhiteElo "2179"]
[BlackElo "1697"]
[PlyCount "95"]
[EventDate "2014.08.18"]
[EventType "team-swiss"]
[EventRounds "6"]
[EventCountry "ESP"]
[SourceTitle "CBM 162 Extra"]
[Source "ChessBase"]
[SourceDate "2014.10.17"]
[SourceVersion "1"]
[SourceVersionDate "2014.10.17"]
[SourceQuality "1"]
[WhiteTeam "Nazari CC"]
[BlackTeam "Albox Reverte"]
[WhiteTeamCountry "ESP"]
[BlackTeamCountry "ESP"]

1. e4 d6 2. d4 Nf6 3. Nc3 g6 4. Nf3 Bg7 5. h3 0-0 6. Be3 a6 7. Qd2 b5 8. Bd3 Bb7 9. a3 Nbd7 10. Rd1 c5 11. d5 Qc7 12. Bh6 c4 13. Be2 Qb6 14. Bxg7 Kxg7 15. h4 h5 16. Nd4 Ne5 17. Bf3 Bc8 18. Nce2 Bd7 19. 0-0 a5 20. b3 cxb3 21. cxb3 Rac8 22. Qe3 Qb7 23. Nf4 b4 24. axb4 Qxb4 25. Nd3 Nfg4 26. Bxg4 Nxg4 27. Nxb4 Nxe3 28. fxe3 axb4 29. Rc1 Rc3 30. Rxc3 bxc3 31. Rc1 Rc8 32. Kf2 e5 33. dxe6 fxe6 34. Ke1 e5 35. Ne2 Be6 36. b4 Rb8 37. Rb1 Ba2 38. Ra1 Be6 39. Nxc3 Rxb4 40. Ra6 Rb3 41. Nd1 Rd3 42. Ke2 Bc4 43. Rc6 Bb5 44. Rb6 Bc4 45. Nb2 Rd4+ 46. Kf3 Rd2 47. Nxc4 Rd1 48. Rxd6 1-0

[Event "Andalucia-ch U16"]
[Site "Huelva"]
[Date "2014.04.27"]
[Round "8.5"]
[White "Perez Beltran, Jose Maria"]
[Black "Rubio Gonzalez, Dario Jesus"]
[Result "1/2-1/2"]
[WhiteElo "1678"]
[BlackElo "1480"]
[PlyCount "42"]
[EventDate "2014.04.25"]
[EventType "swiss"]
[EventRounds "9"]
[EventCountry "ESP"]
[SourceTitle "EXT 2024"]
[Source "ChessBase"]
[SourceDate "2023.10.10"]
[SourceVersion "1"]
[SourceVersionDate "2023.10.10"]
[SourceQuality "1"]

1. b3 e6 2. Bb2 f5 3. e3 Nf6 4. Nf3 Be7 5. d4 d5 6. Bd3 0-0 7. 0-0 c6 8. c4 Ne4 9. Nbd2 Nd7 10. a3 Ndf6 11. Ne5 Nxd2 12. Qxd2 Ne4 13. Qc2 Bf6 14. f3 Nd6 15. e4 fxe4 16. fxe4 dxe4 17. Bxe4 Nxe4 18. Qxe4 Bd7 19. Rad1 Qe7 20. Rfe1 Bxe5 21. dxe5 Be8 1/2-1/2

[Event "Andalucia-ch U16"]
[Site "Huelva"]
[Date "2014.04.26"]
[Round "6.4"]
[White "Perez Beltran, Jose Maria"]
[Black "Mateos Atienza, Alberto"]
[Result "1-0"]
[WhiteElo "1678"]
[BlackElo "1601"]
[PlyCount "42"]
[EventDate "2014.04.25"]
[EventType "swiss"]
[EventRounds "9"]
[EventCountry "ESP"]
[SourceTitle "EXT 2024"]
[Source "ChessBase"]
[SourceDate "2023.10.10"]
[SourceVersion "1"]
[SourceVersionDate "2023.10.10"]
[SourceQuality "1"]

1. b3 b6 2. Bb2 Bb7 3. e3 e6 4. Nf3 Nf6 5. d4 d5 6. Bd3 Nbd7 7. 0-0 Bd6 8. c4 c5 9. cxd5 exd5 10. Nc3 a6 11. Rc1 0-0 12. Qe2 b5 13. dxc5 Nxc5 14. Rfd1 Re8 15. Qf1 Ne6 16. h3 Rc8 17. Ne2 Bc5 18. Bb1 Qe7 19. Ned4 Nxd4 20. Nxd4 g6 21. Qe2 Ba3 1-0